Phytochrome photomorphogenesis: An introduction to the photocontrol of plant development (Record no. 31401)

MARC details
000 -LEADER
fixed length control field 00591nam a2200205Ia 4500
082 ## - DEWEY DECIMAL CLASSIFICATION NUMBER
Classification number 581.175.11
Item number SMI
100 ## - MAIN ENTRY--AUTHOR NAME
Personal name SMITH, Harry
245 #0 - TITLE STATEMENT
Title Phytochrome photomorphogenesis: An introduction to the photocontrol of plant development
260 ## - PUBLICATION, DISTRIBUTION, ETC. (IMPRINT)
Place of publication London
Name of publisher Mcgraw-Hill
Year of publication 1975
650 ## - SUBJECT ADDED ENTRY--TOPICAL TERM
Topical Term Biochemistry
650 ## - SUBJECT ADDED ENTRY--TOPICAL TERM
Topical Term Photocontrol
650 ## - SUBJECT ADDED ENTRY--TOPICAL TERM
Topical Term Photomorphogenesis
650 ## - SUBJECT ADDED ENTRY--TOPICAL TERM
Topical Term Photoperiodism
650 ## - SUBJECT ADDED ENTRY--TOPICAL TERM
Topical Term Phytochrome
650 ## - SUBJECT ADDED ENTRY--TOPICAL TERM
Topical Term Plant development
650 ## - SUBJECT ADDED ENTRY--TOPICAL TERM
Topical Term Seed germination
650 ## - SUBJECT ADDED ENTRY--TOPICAL TERM
Topical Term Seedling development
942 ## - ADDED ENTRY ELEMENTS (KOHA)
Koha item type Books
Holdings
Withdrawn status Lost status Damaged status Not for loan Home library Current library Date acquired Full call number Accession Number Koha item type
        RRII Library RRII Library 16/12/2021 581.175.11 SMI 11946 Books